00324nam a22001097a 4500020001800000082001200018100002200030245006300052260004200115300000800157650004900165 a9780918261083 a291 MOU aMoucarry, Chawkat aBuilding Community: A Cross-Cultural Introduction to Islam aUSAbWorld Vision Internationalc2011 a110 acomparative Religion- Islam and Christianity